Doctor Who 50 : (Record no. 393685)
[ view plain ]
| 000 -LEADER | |
|---|---|
| fixed length control field | 01846cam a2200493 i 4500 |
| 001 - CONTROL NUMBER | |
| control field | 2144903 |
| 005 - DATE AND TIME OF LATEST TRANSACTION | |
| control field | 20240222155137.0 |
| 008 - FIXED-LENGTH DATA ELEMENTS--GENERAL INFORMATION | |
| fixed length control field | 130925s2013 enka c 000 0 eng d |
| 020 ## - INTERNATIONAL STANDARD BOOK NUMBER | |
| International Standard Book Number | 9781405914000 (hbk.) : |
| Terms of availability | $20.00 |
| 020 ## - INTERNATIONAL STANDARD BOOK NUMBER | |
| International Standard Book Number | 1405914009 (hbk.) : |
| Terms of availability | $20.00 |
| 035 ## - SYSTEM CONTROL NUMBER | |
| System control number | (OCoLC)860747207 |
| 035 ## - SYSTEM CONTROL NUMBER | |
| System control number | 1969488 |
| 035 ## - SYSTEM CONTROL NUMBER | |
| System control number | 1890844 |
| 035 ## - SYSTEM CONTROL NUMBER | |
| System control number | (OCoLC)860747207 |
| 035 ## - SYSTEM CONTROL NUMBER | |
| System control number | (OCoLC)ocn860747207 |
| 035 ## - SYSTEM CONTROL NUMBER | |
| System control number | 1890844 |
| 035 ## - SYSTEM CONTROL NUMBER | |
| System control number | (OCoLC)ocn860747207 |
| 035 ## - SYSTEM CONTROL NUMBER | |
| System control number | 1969488 |
| 040 ## - CATALOGING SOURCE | |
| Original cataloging agency | AU@ |
| Language of cataloging | eng |
| Transcribing agency | AU@ |
| Description conventions | rda |
| Modifying agency | OCLCO |
| -- | IH9 |
| -- | YDXCP |
| -- | TnLvILS |
| 042 ## - AUTHENTICATION CODE | |
| Authentication code | anuc |
| 049 ## - LOCAL HOLDINGS (OCLC) | |
| Holding library | IG$A |
| 050 #4 - LIBRARY OF CONGRESS CALL NUMBER | |
| Classification number | PN1992.77.D6273 |
| Item number | R525 2013 |
| 082 04 - DEWEY DECIMAL CLASSIFICATION NUMBER | |
| Classification number | 791.45/72 |
| Edition number | 23 |
| 092 ## - LOCALLY ASSIGNED DEWEY CALL NUMBER (OCLC) | |
| Classification number | general nonfiction |
| Item number | 791.45 Richards |
| 100 1# - MAIN ENTRY--PERSONAL NAME | |
| Personal name | Richards, Justin. |
| 9 (RLIN) | 62539 |
| 245 10 - TITLE STATEMENT | |
| Title | Doctor Who 50 : |
| Remainder of title | the essential guide / |
| Statement of responsibility, etc | written by Justin Richards. |
| 246 3# - VARYING FORM OF TITLE | |
| Title proper/short title | Doctor Who fifty : |
| Remainder of title | the essential guide |
| 246 18 - VARYING FORM OF TITLE | |
| Title proper/short title | 50 years : DW : the essential guide |
| 264 #1 - Production, Publication, Distribution, Manufacture, and Copyright Notice. | |
| Place of production, publication, distribution, manufacture | London : |
| Name of producer, publisher, distributor, manufacturer | BBC Children's Books, |
| Date of production, publication, distribution, manufacture, or copyr | 2013. |
| 300 ## - PHYSICAL DESCRIPTION | |
| Extent | 207 pages : |
| Other physical details | illustrations (some color) ; |
| Dimensions | 24 cm |
| 336 ## - Content Type | |
| Content type term | text |
| 337 ## - Media type | |
| Media type term | unmediated |
| 338 ## - Carrier type | |
| Carrier type term | volume |
| 500 ## - GENERAL NOTE | |
| General note | At head of title: BBC. |
| 630 00 - SUBJECT ADDED ENTRY--UNIFORM TITLE | |
| Uniform title | Doctor Who (Television program : 1963-1989) |
| Form subdivision | Juvenile literature. |
| 9 (RLIN) | 6482629 |
| 630 00 - SUBJECT ADDED ENTRY--UNIFORM TITLE | |
| Uniform title | Doctor Who (Television program : 2005- ) |
| Form subdivision | Juvenile literature. |
| 9 (RLIN) | 6482630 |
| 630 01 - SUBJECT ADDED ENTRY--UNIFORM TITLE | |
| Uniform title | Doctor Who (Television program : 1963-1989) |
| 630 01 - SUBJECT ADDED ENTRY--UNIFORM TITLE | |
| Uniform title | Doctor Who (Television program : 2005- ) |
| 650 #0 - SUBJECT ADDED ENTRY--TOPICAL TERM | |
| Topical term or geographic name as entry element | Doctor Who (Fictitious character) |
| Form subdivision | Juvenile literature. |
| 9 (RLIN) | 6482631 |
| 650 #1 - SUBJECT ADDED ENTRY--TOPICAL TERM | |
| Topical term or geographic name as entry element | Doctor Who (Fictitious character) |
| 942 ## - ADDED ENTRY ELEMENTS (KOHA) | |
| Source of classification or shelving scheme | Dewey Decimal Classification |
| Koha item type | BOOK |
| Withdrawn status | Lost status | Source of classification or shelving scheme | Damaged status | Not for loan | Collection code | Home library | Current library | Shelving location | Date acquired | Source of acquisition | Total Checkouts | Total Renewals | Full call number | Barcode | Date last seen | Date checked out | Cost, replacement price | Price effective from | Koha item type |
|---|---|---|---|---|---|---|---|---|---|---|---|---|---|---|---|---|---|---|---|
| Dewey Decimal Classification | General NonFiction | Wasatch County Library | Wasatch County Library | Second Floor | 02/22/2024 | Amazon | 2 | 4 | 791.45 Richards | 34301002066571 | 03/09/2026 | 03/07/2024 | 20.00 | 02/22/2024 | BOOK |
